000 006950000a22002650004500
001 110
003 CO-MdFUSB
005 20160531091318.0
008 160531t1995 sp bcdef |||| 00| 0 spa d
020 _a84-335-3504-8
040 _aCO-MdFUSB
_bEspañol
_cCO-MdFUSB
_dCO-MdFUSB
041 0 _aspa
082 0 4 _aR 220.64 C5788d
100 1 _aCirlot, Juan-Eduardo
245 1 0 _aDiccionario de símbolos
_c / Juan-Eduardo Cirlot
250 _a11
264 _aBogotá, Colombia
_b : Labor,
_c1995
300 _a473 Pag
336 _2rdacontent
_a1
_ba1
337 _2rdamedia
_a2
_b5
338 _2rdacarrier
_a2
_b5
505 _a1. Símbolo 2. Historia
653 _aSIMBOLISMO
942 _cBK
999 _c31661
_d31661